[Event "4NCL Online Division 6"]
[Site "online"]
[Date "2021.02.23"]
[EventDate "2021.02.23"]
[Round "3.131"]
[White "Buanne, Luca"]
[WhiteElo "1903"]
[WhiteTeam "Battersea Juniors"]
[Black "Vadalia, Jainill"]
[BlackElo "1140"]
[BlackTeam "Phones Pals Rooks"]
[Result "1-0"]
[PlyCount "81"]

1. d4 Nf6 2. c4 e6 3. Nc3 Bb4 4. Qc2 d5 5. Nf3 O-O 6. a3 Bxc3+ 7. Qxc3 Nbd7 8. cxd5 exd5 9. Bf4 c6 10. e3 Ne4 11. Qc2 Ndf6 12. h3 h6 13. Bd3 Bf5 14. O-O Re8 15. Ne5 Rc8 16. f3 a6 17. fxe4 Nxe4 18. Bxe4 Bxe4 19. Qf2 f6 20. Ng4 h5 21. Nh2 g5 22. Bxg5 fxg5 23. Qf7+ Kh8 24. Qxh5+ Kg8 25. Qf7+ Kh8 26. Rf6 Qxf6 27. Qxf6+ Kh7 28. Qf7+ Kh8 29. Ng4 Rf8 30. Qh5+ Bh7 31. Qxg5 Rf5 32. Qe7 Rcf8 33. Nh6 Rf2 34. Qe5+ R2f6 35. Ng4 Kg7 36. Nxf6 Rxf6 37. Rf1 Bf5 38. Rxf5 c5 39. Qxf6+ Kg8 40. Rg5+ Kh7 41. Qg7# 1-0

[Event "4NCL Online Division 6"]
[Site "online"]
[Date "2021.02.23"]
[EventDate "2021.02.23"]
[Round "3.132"]
[White "Lukhi, Neev"]
[WhiteElo "970"]
[WhiteTeam "Phones Pals Rooks"]
[Black "Dupuis, Denis K"]
[BlackElo "1881"]
[BlackTeam "Battersea Juniors"]
[Result "0-1"]
[PlyCount "120"]

1. d4 d5 2. Bf4 Nf6 3. Nf3 c5 4. e3 Nc6 5. c3 Qb6 6. Qc2 Bf5 7. Qb3 c4 8. Qxb6 axb6 9. Be2 b5 10. Nbd2 b4 11. O-O e6 12. Ne5 Nxe5 13. Bxe5 bxc3 14. bxc3 Be7 15. Nf3 h6 16. Bg3 O-O 17. Ne5 Ne4 18. Rfc1 Ba3 19. Re1 Bb2 20. Bh4 Bxc3 21. Nd7 Rfe8 22. f3 Nd6 23. Rec1 Bxa1 24. Rxa1 c3 25. Bg3 Nc4 26. Bxc4 dxc4 27. Nb6 Ra6 28. Nxc4 Rc8 29. Nd6 Rca8 30. Nxf5 exf5 31. Be1 c2 32. Kf2 Rxa2 33. Rc1 b5 34. d5 Rd8 35. e4 fxe4 36. fxe4 f5 37. Kf3 fxe4+ 38. Kxe4 b4 39. Bxb4 Ra4 40. Rxc2 Rxb4+ 41. Ke5 Kf7 42. Rc7+ Kg6 43. d6 Rb6 44. d7 Kf7 45. Kd5 Ke7 46. Rc3 Rxd7+ 47. Ke5 Rb5+ 48. Ke4 Rg5 49. g3 Ke6 50. Kf4 Rf5+ 51. Ke3 g5 52. Rc4 Re5+ 53. Kf3 Kf5 54. h4 g4+ 55. Kf2 Rd2+ 56. Kf1 Ra5 57. Rf4+ Ke5 58. Ke1 Rb2 59. Rf5+ Kxf5 60. Kd1 Ra1# 0-1

[Event "4NCL Online Division 6"]
[Site "online"]
[Date "2021.02.23"]
[EventDate "2021.02.23"]
[Round "3.133"]
[White "Agrawal, Shivam"]
[WhiteElo "1836"]
[WhiteTeam "Battersea Juniors"]
[Black "Benson, Alice"]
[BlackElo "740"]
[BlackTeam "Phones Pals Rooks"]
[Result "1/2-1/2"]
[PlyCount "113"]

1. d4 Nf6 2. Nf3 c5 3. e3 d5 4. dxc5 e6 5. b3 Bxc5 6. Bb2 O-O 7. Bd3 Nc6 8. O-O Re8 9. c4 dxc4 10. Bxc4 Qxd1 11. Rxd1 e5 12. h3 Bf5 13. Nc3 Na5 14. Bd5 Rad8 15. Rac1 Bb4 16. Nxe5 Nxd5 17. Nxd5 Bd6 18. Rd2 Bxe5 19. Bxe5 Nc6 20. Bg3 Be4 21. Rcd1 Kf8 22. Nc7 Rxd2 23. Rxd2 Rd8 24. Rxd8+ Nxd8 25. Bd6+ Kg8 26. f3 Bb1 27. a3 Ba2 28. b4 f6 29. Nb5 Nf7 30. Bc5 a6 31. Nd6 Nxd6 32. Bxd6 b5 33. Kf2 Kf7 34. e4 Ke6 35. Bc5 Bc4 36. g3 g6 37. Ke3 Bf1 38. h4 Bg2 39. f4 f5 40. e5 Kd5 41. Bd6 Be4 42. Bc5 Bc2 43. Bf8 Be4 44. e6 Kc4 45. Bc5 Bc6 46. e7 Be8 47. Bd6 Bd7 48. Bc5 Be8 49. Bd6 Bd7 50. Kf3 Kd5 51. Bc5 a5 52. Ke3 a4 53. Kd3 Be8 54. Bd4 Bf7 55. Be5 Be8 56. Bb2 Bd7 57. Bc1 Be8 1/2-1/2

[Event "4NCL Online Division 6"]
[Site "online"]
[Date "2021.02.23"]
[EventDate "2021.02.23"]
[Round "3.134"]
[White "Srivastava, Aditya"]
[WhiteElo "654"]
[WhiteTeam "Phones Pals Rooks"]
[Black "Steiners, Emils"]
[BlackElo "1613"]
[BlackTeam "Battersea Juniors"]
[Result "0-1"]
[PlyCount "56"]

1. d4 d5 2. Bf4 Nf6 3. e3 c5 4. c3 Nc6 5. Bd3 Qb6 6. Nd2 Qxb2 7. Rb1 Qxc3 8. Bb5 Qa5 9. Bxc6+ bxc6 10. Nf3 Bg4 11. Qc2 Bxf3 12. gxf3 g6 13. O-O c4 14. Rb7 Bg7 15. Rfb1 O-O 16. Rxe7 Qd8 17. Reb7 Nh5 18. Rb8 Rxb8 19. Rxb8 Qe7 20. Rxf8+ Kxf8 21. Bg3 Nxg3 22. hxg3 Qb4 23. Kg2 Kg8 24. e4 Bxd4 25. exd5 cxd5 26. Kf1 Qb2 27. Qd1 c3 28. Nb3 Qxf2# 0-1

[Event "4NCL Online Division 6"]
[Site "online"]
[Date "2021.02.23"]
[EventDate "2021.02.23"]
[Round "3.141"]
[White "Gardner, Tim"]
[WhiteElo "1637"]
[WhiteTeam "Barnet Knights C"]
[Black "Jones, Tim"]
[BlackElo "1698"]
[BlackTeam "Wessex Some Stars E"]
[Result "0-1"]
[PlyCount "82"]

1. e4 c5 2. d4 cxd4 3. c3 dxc3 4. Nxc3 Nc6 5. Bc4 e6 6. Nf3 d6 7. O-O Be7 8. Bf4 e5 9. Be3 Nf6 10. Qe2 O-O 11. Rfd1 Bd7 12. Rac1 a6 13. a3 Rc8 14. Ba2 Ng4 15. Nd5 Nxe3 16. Qxe3 Be6 17. Rc3 Bxd5 18. Rxd5 Nd4 19. Nxe5 Rxc3 20. bxc3 Ne6 21. Ng4 Qc7 22. Rf5 Rc8 23. Bxe6 fxe6 24. Rf3 Qa5 25. h4 Qxa3 26. Qd4 Qc1+ 27. Kh2 Rf8 28. Rxf8+ Kxf8 29. Qc4 Qf4+ 30. Kh3 Kf7 31. h5 Qg5 32. g3 Qxh5+ 33. Kg2 Qxg4 34. f3 Qg5 35. Qc7 Qb5 36. c4 Qc6 37. Qb8 Qxc4 38. Qxb7 Qe2+ 39. Kh3 Qxf3 40. Qxa6 Qxe4 41. Qf1+ Qf5+ 0-1

[Event "4NCL Online Division 6"]
[Site "online"]
[Date "2021.02.23"]
[EventDate "2021.02.23"]
[Round "3.142"]
[White "Hillman, Graham"]
[WhiteElo "1662"]
[WhiteTeam "Wessex Some Stars E"]
[Black "Drel, Anton"]
[BlackElo "1510"]
[BlackTeam "Barnet Knights C"]
[Result "0-1"]
[PlyCount "68"]

1. e4 e5 2. Nf3 Nc6 3. Bb5 a6 4. Ba4 b5 5. Bb3 Bb7 6. d3 Nf6 7. O-O Bc5 8. h3 d6 9. Nc3 O-O 10. Bg5 h6 11. Bh4 g5 12. Bg3 Rb8 13. Nh2 Nd4 14. Ng4 Nxg4 15. Qxg4 a5 16. a4 b4 17. Ne2 Bc8 18. Qh5 Nxb3 19. cxb3 Qf6 20. Kh1 Be6 21. d4 Bxd4 22. Nxd4 exd4 23. f4 Bxb3 24. fxg5 Qxg5 25. Qf3 Bc2 26. Bf4 Qg6 27. e5 dxe5 28. Bxe5 Be4 29. Qe2 Rfe8 30. Rf6 Qg5 31. Bxd4 Rbd8 32. Raf1 Rxd4 33. Qf2 Rd2 34. Rg6+ Bxg6 0-1

[Event "4NCL Online Division 6"]
[Site "online"]
[Date "2021.02.23"]
[EventDate "2021.02.23"]
[Round "3.143"]
[White "Grose, Kameron"]
[WhiteElo "1574"]
[WhiteTeam "Barnet Knights C"]
[Black "Smith, Steven J"]
[BlackElo "1658"]
[BlackTeam "Wessex Some Stars E"]
[Result "1/2-1/2"]
[PlyCount "103"]

1. e4 e6 2. d4 d5 3. exd5 exd5 4. Bd3 Nf6 5. Nf3 Bg4 6. Bg5 Be7 7. c3 Ne4 8. Bxe7 Qxe7 9. O-O O-O 10. Re1 Nd7 11. Nbd2 Ndf6 12. Qc2 Bf5 13. Ng5 h6 14. Ngxe4 dxe4 15. Nxe4 Bxe4 16. Bxe4 Nxe4 17. Qxe4 Qxe4 18. Rxe4 f5 19. Re7 Rf7 20. Rae1 a5 21. a4 b6 22. R1e5 Raf8 23. f4 g6 24. R5e6 Kg7 25. Kf2 g5 26. g3 gxf4 27. gxf4 h5 28. Rxf7+ Rxf7 29. Kg3 Rd7 30. Kh4 c5 31. Rxb6 cxd4 32. cxd4 Rxd4 33. Kg5 Rxa4 34. Rb7+ Kf8 35. Kf6 Ke8 36. Ke6 Kd8 37. Rh7 Rxf4 38. Rxh5 Rb4 39. Kd6 Kc8 40. Kc6 Kd8 41. Rxf5 Rxb2 42. h4 Rh2 43. h5 a4 44. Kb5 a3 45. Rd5+ Ke7 46. Kb4 a2 47. Re5+ Kf6 48. Re1 Rxh5 49. Ra1 Rh2 50. Kb3 Ke5 51. Rxa2 Rxa2 52. Kxa2 1/2-1/2

[Event "4NCL Online Division 6"]
[Site "online"]
[Date "2021.02.23"]
[EventDate "2021.02.23"]
[Round "3.144"]
[White "Sandy, Paul"]
[WhiteElo "1615"]
[WhiteTeam "Wessex Some Stars E"]
[Black "Sarkar, Rian"]
[BlackElo "1526"]
[BlackTeam "Barnet Knights C"]
[Result "0-1"]
[PlyCount "122"]

1. e4 c5 2. Bc4 e6 3. d3 d6 4. Nc3 a6 5. Nf3 b5 6. Bb3 Nd7 7. a3 Bb7 8. O-O Ngf6 9. Bg5 Be7 10. h3 O-O 11. Ba2 Qc7 12. Qe2 Rac8 13. Rac1 h6 14. Bf4 Rfd8 15. g4 Nh7 16. Qd2 c4 17. d4 f5 18. Qe2 fxe4 19. Nxe4 Rf8 20. Bg3 Qc6 21. Nfd2 Ng5 22. Rce1 Nxh3+ 23. Kh2 Ng5 24. Rg1 Nxe4 25. Nxe4 Qxe4 26. Qxe4 Bxe4 27. Rxe4 e5 28. Kg2 Bf6 29. c3 d5 30. Re2 exd4 31. cxd4 Bxd4 32. Rd2 Be5 33. Rxd5 Bxg3 34. Kxg3 Nc5 35. Bb1 Na4 36. Rd2 c3 37. bxc3 Nxc3 38. Bf5 Rxf5 39. gxf5 Ne4+ 40. Kf4 Nxd2 41. f6 Rc7 42. fxg7 Rxg7 43. Rd1 Nc4 44. Rd3 Rg4+ 45. Kf5 Rg5+ 46. Kf6 Rg6+ 47. Kf5 Rd6 48. Rg3+ Kf7 49. Rh3 Rf6+ 50. Ke4 Kg6 51. f4 a5 52. Rc3 Kf7 53. Rh3 b4 54. axb4 axb4 55. Rh1 b3 56. Kd4 Nd2 57. Kc3 Rd6 58. Kb2 Kg6 59. Rh2 Kf5 60. Rf2 h5 61. Kc3 Ne4+ 0-1

[Event "4NCL Online Division 6"]
[Site "online"]
[Date "2021.02.23"]
[EventDate "2021.02.23"]
[Round "3.151"]
[White "Marshall, W John"]
[WhiteElo "1773"]
[WhiteTeam "Horsham 2"]
[Black "Caceres de la Calle, Eduardo"]
[BlackElo "1709"]
[BlackTeam "Hackney Hungry"]
[Result "1/2-1/2"]
[PlyCount "97"]

1. e4 e5 2. Nf3 Nc6 3. Bb5 a6 4. Ba4 Nf6 5. O-O Be7 6. Re1 d6 7. d4 b5 8. Bb3 exd4 9. Bd5 Nxd5 10. exd5 Ne5 11. Nxd4 O-O 12. Bf4 Bf6 13. Nc3 g5 14. Bg3 Bg4 15. f3 Bd7 16. Ne4 Bg7 17. Qd2 Nc4 18. Qc3 f5 19. Nd2 Nxd2 20. Qxd2 f4 21. Bf2 Qf6 22. c3 Rae8 23. Rxe8 Rxe8 24. Re1 Qg6 25. Rxe8+ Qxe8 26. Kf1 c5 27. dxc6 Bxc6 28. Nxc6 Qxc6 29. Qd3 Qc4 30. Qxc4+ bxc4 31. Ke2 Kf7 32. Kd2 Ke6 33. b4 Kd5 34. a4 Kc6 35. h4 h6 36. hxg5 hxg5 37. g3 Be5 38. gxf4 gxf4 39. Kc2 d5 40. Kd2 Bd6 41. Bd4 Bc7 42. Ke2 Kd6 43. Kd2 Kc6 44. Kc2 Bd6 45. Kb2 Bc7 46. Ka3 Bd6 47. Kb2 Bc7 48. Kc2 Bd6 49. Kb2 1/2-1/2

[Event "4NCL Online Division 6"]
[Site "online"]
[Date "2021.02.23"]
[EventDate "2021.02.23"]
[Round "3.152"]
[White "Burgoyne, Peter A"]
[WhiteElo "1701"]
[WhiteTeam "Hackney Hungry"]
[Black "Snook-Lumb, Chris"]
[BlackElo "1715"]
[BlackTeam "Horsham 2"]
[Result "0-1"]
[PlyCount "100"]

1. e4 e6 2. Nf3 d5 3. e5 c5 4. b4 cxb4 5. d4 Nc6 6. a3 bxa3 7. c3 g6 8. Nxa3 Nge7 9. Bd3 Bg7 10. Nb5 O-O 11. h4 f6 12. exf6 Rxf6 13. Bg5 Rf7 14. h5 a6 15. hxg6 hxg6 16. Bxg6 Qb6 17. Bxf7+ Kxf7 18. Nd6+ Kf8 19. Ne5 Bxe5 20. dxe5 Nxe5 21. Nxc8 Rxc8 22. Rh8+ Ng8 23. Bh6+ Ke7 24. Rh7+ Kd6 25. Bf4 Qb2 26. Rc1 Rxc3 27. Rxc3 Qxc3+ 28. Qd2 Qa1+ 29. Ke2 Qb1 30. Rh5 Qb5+ 31. Ke1 Qb1+ 32. Qc1 Qxc1+ 33. Bxc1 Nd3+ 34. Kd2 Nxf2 35. Ba3+ Kc6 36. Ke2 Ne4 37. Kf3 Ngf6 38. Rh6 a5 39. Bb2 Nd2+ 40. Ke2 Nfe4 41. Rxe6+ Kc5 42. g4 b5 43. Bc1 Nb3 44. Be3+ Kb4 45. g5 Nxg5 46. Re5 Ne4 47. Rxd5 Nc3+ 48. Kd3 Nxd5 49. Bd2+ Ka3 50. Bc1+ Nxc1+ 0-1

[Event "4NCL Online Division 6"]
[Site "online"]
[Date "2021.02.23"]
[EventDate "2021.02.23"]
[Round "3.153"]
[White "Barrowclough, Richard"]
[WhiteElo "1555"]
[WhiteTeam "Horsham 2"]
[Black "Neame, Robert"]
[BlackElo "1328"]
[BlackTeam "Hackney Hungry"]
[Result "1/2-1/2"]
[PlyCount "116"]

1. e4 e5 2. Bc4 Nf6 3. d4 exd4 4. Nf3 Nc6 5. Nxd4 Bc5 6. Nxc6 bxc6 7. O-O O-O 8. Bg5 Be7 9. Re1 d5 10. exd5 cxd5 11. Bxf6 Bxf6 12. Bxd5 Bxb2 13. Bxa8 Bxa1 14. Qxd8 Rxd8 15. c3 Be6 16. Be4 Bxa2 17. g3 Bxb1 18. Rxb1 Bxc3 19. Rb7 a5 20. Rxc7 Bb4 21. Bc6 g6 22. Rd7 Rxd7 23. Bxd7 Kf8 24. Ba4 Ke7 25. Kf1 f6 26. f3 g5 27. g4 h6 28. h3 Kd6 29. Ke2 Ke5 30. Kf2 Kd4 31. Ke2 Bc5 32. Kd2 Kc4 33. Kc2 Kb4 34. Bb3 a4 35. Ba2 a3 36. Be6 Bd4 37. Ba2 Bb2 38. Be6 Kc5 39. Kd3 Kd6 40. Ba2 Ke5 41. Ke2 f5 42. Kf2 fxg4 43. hxg4 Kf4 44. Bf7 Bd4+ 45. Ke2 Kg3 46. Ba2 Kh4 47. Bf7 a2 48. Bxa2 h5 49. gxh5 Kxh5 50. Be6 Be5 51. Bf5 Bf4 52. Bg4+ Kg6 53. Kd3 Kf6 54. Ke4 Kg6 55. Bf5+ Kh5 56. Bg4+ Kg6 57. Bf5+ Kh5 58. Bg4+ Kg6 1/2-1/2

[Event "4NCL Online Division 6"]
[Site "online"]
[Date "2021.02.23"]
[EventDate "2021.02.23"]
[Round "3.154"]
[White "Ellis, Bryan Timothy"]
[WhiteElo "1249"]
[WhiteTeam "Hackney Hungry"]
[Black "Trofin, Marian"]
[BlackElo "1520"]
[BlackTeam "Horsham 2"]
[Result "1-0"]
[PlyCount "105"]

1. d4 d5 2. c4 Nf6 3. Nf3 c6 4. e3 h6 5. Nc3 Bg4 6. h3 Bh5 7. Be2 e6 8. O-O Nbd7 9. c5 Be7 10. b4 Bxf3 11. Bxf3 e5 12. Bb2 e4 13. Be2 Nh7 14. b5 O-O 15. bxc6 bxc6 16. Qa4 Qc7 17. Rab1 f5 18. Bc1 Rfb8 19. Bd2 Nhf6 20. Rb3 Kh7 21. Rfb1 Rxb3 22. Rxb3 Bxc5 23. dxc5 Nxc5 24. Qb4 Nxb3 25. axb3 c5 26. Qa3 d4 27. exd4 cxd4 28. Nb5 Qd7 29. Qd6 d3 30. Qxd7 Nxd7 31. Bd1 a6 32. Nd4 Kg6 33. f3 Ne5 34. fxe4 fxe4 35. Kf2 Nd7 36. b4 Rc8 37. Bg4 Rc7 38. Ne6 Rb7 39. Nc5 Nxc5 40. bxc5 Re7 41. c6 Re5 42. c7 Rc5 43. c8=Q Rxc8 44. Bxc8 Kf6 45. Bxa6 Kf5 46. g4+ Ke5 47. Ke3 g6 48. Bc3+ Kd5 49. Bb7+ Kc4 50. Bd2 Kb3 51. Bxe4 Kc2 52. Bxd3+ Kd1 53. Bxg6 1-0

[Event "4NCL Online Division 6"]
[Site "online"]
[Date "2021.02.23"]
[EventDate "2021.02.23"]
[Round "3.161"]
[White "Cooper, Malcolm H"]
[WhiteElo "1808"]
[WhiteTeam "Farnham B"]
[Black "Young, Andy"]
[BlackElo "1563"]
[BlackTeam "Lerryn Clowns"]
[Result "1-0"]
[PlyCount "141"]

1. d4 Nf6 2. c4 e6 3. Nc3 b6 4. Nf3 Bb7 5. a3 d6 6. Bf4 Nbd7 7. e3 c5 8. Be2 Nh5 9. Bg5 Nhf6 10. O-O Be7 11. Re1 Ne4 12. Nxe4 Bxe4 13. Bxe7 Qxe7 14. Bd3 Bxd3 15. Qxd3 cxd4 16. Qxd4 Nf6 17. Rad1 Rd8 18. e4 e5 19. Qd3 O-O 20. Nd2 Nd7 21. Qe3 Nc5 22. Nf3 Ne6 23. g3 f5 24. exf5 Rxf5 25. Qe4 Qf7 26. Re3 Rf6 27. Qd5 Nc7 28. Qxf7+ Kxf7 29. Nxe5+ Kg8 30. Nc6 Rdf8 31. f4 a5 32. Re7 Na6 33. Rd7 d5 34. cxd5 Nc5 35. Re7 R8f7 36. d6 Nd7 37. Nd8 Rxd6 38. Re8+ Rf8 39. Rxf8+ Kxf8 40. Rxd6 Ke7 41. Nb7 Nc5 42. Rc6 Nd7 43. Rc1 Kf6 44. Nd6 Ke6 45. Nb5 Nc5 46. Rd1 Nd7 47. Kf2 Nc5 48. Rd6+ Kf5 49. Rxb6 Ne4+ 50. Ke3 Nc5 51. Rd6 Na4 52. b3 Nb2 53. Kd2 a4 54. Kc2 axb3+ 55. Kxb2 Kg4 56. Kxb3 h5 57. Rg6+ Kh3 58. Rxg7 Kxh2 59. Rh7 Kxg3 60. Rxh5 Kxf4 61. Kc4 Kg4 62. Re5 Kf4 63. Kd4 Kf3 64. Re4 Kg3 65. Ke3 Kg2 66. Rf4 Kg3 67. Nd4 Kg2 68. Rg4+ Kh3 69. Kf3 Kh2 70. Kf2 Kh1 71. Rh4# 1-0

[Event "4NCL Online Division 6"]
[Site "online"]
[Date "2021.02.23"]
[EventDate "2021.02.23"]
[Round "3.162"]
[White "Jenkins, Simon"]
[WhiteElo "1503"]
[WhiteTeam "Lerryn Clowns"]
[Black "Frostick, Helen M"]
[BlackElo "1697"]
[BlackTeam "Farnham B"]
[Result "0-1"]
[PlyCount "100"]

1. e4 e5 2. Nf3 Nc6 3. Bc4 Nf6 4. d3 Be7 5. Be3 d6 6. c3 a6 7. Nbd2 b5 8. Bb3 O-O 9. h3 Na5 10. Bc2 c5 11. g4 Nc6 12. Nf1 d5 13. Qc1 d4 14. Bd2 Bb7 15. Ng3 Re8 16. g5 Nd7 17. Nf5 Bf8 18. h4 dxc3 19. bxc3 Nb6 20. Nh2 c4 21. Be3 cxd3 22. Bxb6 Qxb6 23. Bxd3 Rad8 24. Bc2 Bc5 25. Ng4 Qa5 26. Bb3 Nd4 27. Nxd4 Bxd4 28. Nf6+ gxf6 29. gxf6 Qxc3+ 30. Ke2 Qxc1 31. Raxc1 Bxe4 32. Rhg1+ Kh8 33. Rc7 Rf8 34. Rg7 Bd5 35. Bxd5 Rxd5 36. h5 Rdd8 37. h6 e4 38. Rc6 a5 39. f3 exf3+ 40. Kxf3 Rde8 41. a4 bxa4 42. Rc4 Bxf6 43. Rcg4 a3 44. Ra4 Bxg7 45. hxg7+ Kxg7 46. Rxa3 Re5 47. Kf4 Rfe8 48. Rg3+ Kf6 49. Rg2 h5 50. Kg3 Rg5+ 0-1

[Event "4NCL Online Division 6"]
[Site "online"]
[Date "2021.02.23"]
[EventDate "2021.02.23"]
[Round "3.163"]
[White "Bourke, Matt"]
[WhiteElo "1600"]
[WhiteTeam "Farnham B"]
[Black "Reid, Mark"]
[BlackElo "1440"]
[BlackTeam "Lerryn Clowns"]
[Result "0-1"]
[PlyCount "130"]

1. e4 c5 2. Nf3 e6 3. c3 d5 4. exd5 Qxd5 5. d4 cxd4 6. cxd4 Nf6 7. Nc3 Bb4 8. Qa4+ Nc6 9. Bd2 Bxc3 10. Bxc3 Bd7 11. Qc2 Rc8 12. Bd3 Nb4 13. Qe2 Nxd3+ 14. Qxd3 O-O 15. Qd1 Qe4+ 16. Kf1 Bb5+ 17. Kg1 Be2 18. Ng5 Bxd1 19. Nxe4 Nxe4 20. Rxd1 Nxc3 21. bxc3 Rxc3 22. g3 Rc2 23. a3 Rfc8 24. Kg2 h5 25. h4 R8c3 26. a4 Ra2 27. Rb1 b6 28. Ra1 Rcc2 29. Rhf1 Rd2 30. Rad1 Rxd1 31. Rxd1 Rxa4 32. Kf3 Rc4 33. Ke4 a5 34. Kd3 Rc6 35. Rd2 Kf8 36. Ke4 Ke7 37. d5 Rd6 38. Rd4 Rxd5 39. Rxd5 exd5+ 40. Kxd5 Kd7 41. Kc4 Kc6 42. f3 b5+ 43. Kc3 Kc5 44. g4 a4 45. gxh5 b4+ 46. Kb2 Kc4 47. f4 a3+ 48. Kb1 Kd4 49. Ka2 Ke4 50. Kb3 Kxf4 51. Kxb4 a2 52. Kb3 a1=Q 53. h6 gxh6 54. h5 Qc1 55. Kb4 Ke4 56. Kb3 Kd4 57. Kb4 Qc2 58. Kb5 f5 59. Kb4 f4 60. Kb5 f3 61. Kb4 f2 62. Ka3 Qc8 63. Kb2 f1=Q 64. Kb3 Qb1+ 65. Ka4 Qa6# 0-1

[Event "4NCL Online Division 6"]
[Site "online"]
[Date "2021.02.23"]
[EventDate "2021.02.23"]
[Round "3.164"]
[White "Knight, Steven"]
[WhiteElo "1417"]
[WhiteTeam "Lerryn Clowns"]
[Black "Seyfried, Donald"]
[BlackElo "1668"]
[BlackTeam "Farnham B"]
[Result "0-1"]
[PlyCount "76"]

1. e4 c5 2. f4 d6 3. Nf3 Nc6 4. Bc4 g6 5. c3 a6 6. Bxf7+ Kxf7 7. Ng5+ Kg7 8. Qb3 Qe8 9. O-O h6 10. Nf3 Qf7 11. Qc2 e6 12. b3 Be7 13. d4 d5 14. e5 Qf5 15. Qe2 Bd7 16. Na3 cxd4 17. cxd4 Bxa3 18. Bxa3 Nge7 19. Nh4 Qf7 20. Qd3 Nf5 21. Nf3 Nce7 22. Rac1 Bb5 23. Qd2 Bxf1 24. Kxf1 Nc6 25. Bb2 Qc7 26. g4 Nfe7 27. g5 h5 28. a3 Rac8 29. Nh4 Nf5 30. Nf3 Qb6 31. b4 Nce7 32. Rb1 Rc4 33. Qd3 Rhc8 34. Nd2 Rc2 35. Kg1 Qb5 36. Qxb5 axb5 37. Nb3 b6 38. Rc1 Rxb2 0-1

[Event "4NCL Online Division 6"]
[Site "online"]
[Date "2021.03.09"]
[EventDate "2021.03.09"]
[Round "4.11"]
[White "Gardner, Phillip K"]
[WhiteElo "1891"]
[WhiteTeam "Deaf England"]
[Black "Chatys, Tim"]
[BlackElo "1788"]
[BlackTeam "Ashton 1"]
[Result "0-1"]
[PlyCount "94"]

1. e4 e5 2. Nf3 Nc6 3. Bc4 Bc5 4. c3 Nf6 5. d4 exd4 6. cxd4 Bb4+ 7. Bd2 Bxd2+ 8. Nbxd2 d5 9. exd5 Nxd5 10. Qb3 Na5 11. Qa4+ Nc6 12. Ne5 O-O 13. Bxd5 Nxe5 14. Be4 Nd7 15. O-O Nf6 16. Bf3 c6 17. Nb3 Qb6 18. Nc5 Re8 19. Qc2 Be6 20. Rfe1 Bd5 21. Bxd5 Nxd5 22. a3 Rad8 23. Rad1 Nc7 24. Rxe8+ Rxe8 25. Nd7 Qxd4 26. Nc5 Qe5 27. h3 b6 28. Nd3 Qf6 29. Ne1 c5 30. Nf3 Rd8 31. Re1 a5 32. b4 axb4 33. axb4 Ne6 34. bxc5 bxc5 35. Ne5 Rd5 36. Ng4 Qd4 37. Ne3 Qd2 38. Qb1 Rd8 39. Rd1 Qa5 40. Nc4 Rxd1+ 41. Qxd1 Qc3 42. Qd5 Qc1+ 43. Kh2 Qf4+ 44. Kg1 Qd4 45. Qa8+ Nf8 46. Nb6 Qd1+ 47. Kh2 Qd6+ 0-1

[Event "4NCL Online Division 6"]
[Site "online"]
[Date "2021.03.09"]
[EventDate "2021.03.09"]
[Round "4.12"]
[White "McBeath, Joel"]
[WhiteElo "1638"]
[WhiteTeam "Ashton 1"]
[Black "MacLeod, Alasdair"]
[BlackElo "1818"]
[BlackTeam "Deaf England"]
[Result "1/2-1/2"]
[PlyCount "96"]

1. e4 c5 2. d4 cxd4 3. c3 dxc3 4. Nxc3 e6 5. Nf3 a6 6. Bc4 b5 7. Bb3 Nc6 8. O-O d6 9. Qe2 Ra7 10. Be3 Rd7 11. a4 b4 12. Nd5 exd5 13. exd5 Ne5 14. a5 Nxf3+ 15. Qxf3 Qc7 16. Bb6 Qb7 17. Ba4 Be7 18. Rac1 Nf6 19. Rc7 Qb8 20. Rfc1 O-O 21. Bxd7 Bxd7 22. Bd4 Bd8 23. R7c4 Qb5 24. Qg3 Qxd5 25. Rxb4 Qxa5 26. Bc3 Qd5 27. Rd4 Qf5 28. Qxd6 Bb5 29. Re1 Qc8 30. Bb4 Bc7 31. Qxf8+ Qxf8 32. Bxf8 Kxf8 33. h3 g6 34. g4 Kg7 35. b4 Bb6 36. Rd6 Bc7 37. Rd4 Bb6 38. Rd2 h6 39. Kg2 Bc7 40. Re7 Bf4 41. Rd4 Bc1 42. Rc7 Bb2 43. Rd2 Be5 44. Re7 Bc3 45. Ra2 Bxb4 46. Ra7 Bc5 47. R7xa6 Bxa6 48. Rxa6 Bf8 1/2-1/2

[Event "4NCL Online Division 6"]
[Site "online"]
[Date "2021.03.09"]
[EventDate "2021.03.09"]
[Round "4.13"]
[White "Hunter, Gary"]
[WhiteElo "1498"]
[WhiteTeam "Deaf England"]
[Black "Acharya, Kandara"]
[BlackElo "1654"]
[BlackTeam "Ashton 1"]
[Result "1/2-1/2"]
[PlyCount "133"]

1. d4 Nf6 2. Nf3 g6 3. Bg5 Bg7 4. c3 O-O 5. Nbd2 d5 6. e3 Nbd7 7. Bd3 c5 8. O-O b6 9. Qc2 Bb7 10. e4 c4 11. Be2 dxe4 12. Ne5 b5 13. Nxd7 Qxd7 14. Bxf6 Bxf6 15. Nxe4 Bxe4 16. Qxe4 Rfd8 17. Rad1 e6 18. f4 Rac8 19. g4 Qd5 20. Bf3 Qxe4 21. Bxe4 b4 22. Rf3 a5 23. f5 exf5 24. gxf5 Bh8 25. fxg6 hxg6 26. Rg3 Re8 27. Bd5 Kg7 28. Rf1 Rc7 29. h4 Re2 30. Rf2 Rxf2 31. Kxf2 Kf8 32. h5 gxh5 33. Rg5 h4 34. Be4 Ra7 35. Rc5 b3 36. a4 Ke7 37. Rxc4 Ke6 38. Rc6+ Kd7 39. Rb6 Rc7 40. Rb7 Rxb7 41. Bxb7 Kd6 42. Ke3 Bf6 43. Kd3 h3 44. Kc4 Bg5 45. Kxb3 h2 46. Kc4 f5 47. b4 axb4 48. cxb4 Kc7 49. Bf3 f4 50. a5 Kb8 51. b5 Bd8 52. a6 Bb6 53. Kd5 Kc7 54. Ke4 Kd6 55. Kxf4 Bxd4 56. Kg3 Bg1 57. Kf4 Kc7 58. Ke5 Kb6 59. Bc6 Bf2 60. Kd6 Bg1 61. Kd7 Bf2 62. Kc8 h1=Q 63. Bxh1 Kxb5 64. Bb7 Ka5 65. Kb8 Kb4 66. a7 Bxa7+ 67. Kxa7 1/2-1/2

[Event "4NCL Online Division 6"]
[Site "online"]
[Date "2021.03.09"]
[EventDate "2021.03.09"]
[Round "4.21"]
[White "Cooney, Thomas"]
[WhiteElo "1568"]
[WhiteTeam "St Benildus D"]
[Black "Jones, Bryan"]
[BlackElo "1555"]
[BlackTeam "Cornish Wreckers"]
[Result "0-1"]
[PlyCount "86"]

1. e4 e6 2. d4 d5 3. Nc3 dxe4 4. Nxe4 Nd7 5. Nf3 Ngf6 6. Bg5 Be7 7. Nxf6+ Nxf6 8. c3 O-O 9. Bd3 c5 10. dxc5 Bxc5 11. O-O Be7 12. Qc2 h6 13. Be3 b6 14. Rad1 Qc7 15. Qd2 Bb7 16. Qe2 Ng4 17. g3 Nxe3 18. Qxe3 Bc5 19. Qe2 Qc6 20. Kg2 Rad8 21. Bb5 Qc7 22. Kg1 Rd5 23. Bc4 Rxd1 24. Rxd1 Rd8 25. h3 Rxd1+ 26. Qxd1 Bxf2+ 27. Kxf2 Qxc4 28. Kg2 Qe4 29. b4 Qd5 30. Qxd5 Bxd5 31. a4 Kf8 32. a5 b5 33. Kf2 Bxf3 34. Kxf3 Ke7 35. Ke4 Kd6 36. Kf4 Kd5 37. Ke3 Kc4 38. Kd2 e5 39. g4 a6 40. h4 e4 41. g5 hxg5 42. hxg5 e3+ 43. Kxe3 Kxc3 0-1

[Event "4NCL Online Division 6"]
[Site "online"]
[Date "2021.03.09"]
[EventDate "2021.03.09"]
[Round "4.22"]
[White "Renshaw, Ian"]
[WhiteElo "1478"]
[WhiteTeam "Cornish Wreckers"]
[Black "Brady, Fearghal"]
[BlackElo "1499"]
[BlackTeam "St Benildus D"]
[Result "0-1"]
[PlyCount "87"]

1. c4 Nf6 2. Nc3 g6 3. g3 Bg7 4. Bg2 O-O 5. Rb1 c5 6. Nf3 Nc6 7. O-O e6 8. e3 d5 9. cxd5 exd5 10. d4 Bf5 11. dxc5 Bxb1 12. Nxb1 Qa5 13. a3 Qxc5 14. b4 Qe7 15. Bb2 Rfd8 16. b5 Na5 17. Bc3 Nc4 18. Bb4 Qe8 19. Nc3 Ne4 20. Nxd5 Qxb5 21. Nc7 Qc6 22. Qc2 Qxc7 23. Qxe4 Nd6 24. Qf4 Rac8 25. Bh3 Rb8 26. Nd4 Ne8 27. Qxc7 Nxc7 28. Rc1 Nd5 29. Ba5 b6 30. Be1 Bxd4 31. exd4 f5 32. Bd2 Rbc8 33. Re1 Re8 34. Re5 Nf6 35. f4 Rc2 36. Rxe8+ Nxe8 37. Bb4 Rc4 38. d5 Rd4 39. Bg2 Kf7 40. Kf2 a5 41. Bc3 Rd3 42. Be5 Rxa3 43. d6 Ra2+ 44. Ke3 0-1

[Event "4NCL Online Division 6"]
[Site "online"]
[Date "2021.03.09"]
[EventDate "2021.03.09"]
[Round "4.23"]
[White "Lievens, Karel"]
[WhiteElo "1512"]
[WhiteTeam "St Benildus D"]
[Black "Doubleday, Peter"]
[BlackElo "1420"]
[BlackTeam "Cornish Wreckers"]
[Result "1-0"]
[PlyCount "79"]

1. e4 c6 2. Nc3 d5 3. Nf3 dxe4 4. Nxe4 Bf5 5. d3 e6 6. Be2 h6 7. Be3 Be7 8. Qd2 Nf6 9. Ng3 Bh7 10. Nd4 Nd5 11. Bf3 Nxe3 12. fxe3 O-O 13. O-O Bc5 14. Nb3 Bb6 15. Kh1 Nd7 16. Ne4 Bxe4 17. Bxe4 Nf6 18. Bf3 Qd6 19. Rae1 Bc7 20. g3 h5 21. e4 e5 22. Na5 b6 23. Nc4 Qe6 24. Qe2 g6 25. a3 Ng4 26. h3 Nf6 27. Kh2 Kg7 28. Rf2 Rh8 29. h4 Raf8 30. Ne3 Bd8 31. Ref1 Be7 32. Kg1 Bc5 33. c3 Ng4 34. Bxg4 hxg4 35. b4 Be7 36. Qxg4 Qxg4 37. Nxg4 a5 38. Nxe5 axb4 39. Rxf7+ Rxf7 40. Rxf7+ 1-0